| 000 | 00354nam a2200145Ia 4500 | ||
|---|---|---|---|
| 999 |
_c10528 _d10528 |
||
| 003 | OSt | ||
| 005 | 20220330123753.0 | ||
| 008 | 220318s9999 xx 000 0 und d | ||
| 020 | _a9788192816142 | ||
| 082 | _a721.0448 | ||
| 100 | _a Bühler, Bernard | ||
| 245 | 0 | _aArchitectural material & detail structure. Wood | |
| 260 | _a MBS/Design | ||
| 942 | _2ddc | ||